000
00284nam a2200133Ia 4500
100
_a
Audels
942
_c
BK
654
_a
Mechanical
245
_a
Audels New Mechanical Directory
260
_b
Taraporevala Sons & Co
_c
2001
082
_a
603
300
_a
740
546
_a
ENGLISH
999
_c
20967
_d
20967